Gender implication in CBNRM : (Record no. 13457)

000 -LEADER
fixed length control field 00970cam a2200265Ia 4500
020 ## - INTERNATIONAL STANDARD BOOK NUMBER
ISBN 9789995097011
020 ## - INTERNATIONAL STANDARD BOOK NUMBER
ISBN 999509701X
040 ## - CATALOGING SOURCE
Transcribing agency AU@
082 ## - DEWEY DECIMAL CLASSIFICATION NUMBER
Classification number 305 FIS 2008 A014 Or.
245 00 - TITLE STATEMENT
Title Gender implication in CBNRM :
Remainder of title the roles, needs and aspirations of women in community fisheries : six case studies /
246 10 - VARYING FORM OF TITLE
Title proper/short title Roles, needs and aspirations of women in community fisheries
260 ## - PUBLICATION, DISTRIBUTION, ETC. (IMPRINT)
Place of publication Phnom Penh, Cambodia :
Name of publisher Fisheries Administration [and] CMNRM Learning Institute,
Year of publication 2008
300 ## - PHYSICAL DESCRIPTION
Number of Pages 124 p. :
Other physical details ill. (col.) ;
Dimensions 25 cm
500 ## - GENERAL NOTE
General note "October 2008"
500 ## - GENERAL NOTE
General note Researched and written by Chap Sopanha ... [et. al.] ; Reviewed and edited by Kaing Khim ... [et al.]
650 #0 - SUBJECT ADDED ENTRY--TOPICAL TERM
Topical Term Women in development
650 #0 - SUBJECT ADDED ENTRY--TOPICAL TERM
Topical Term Economic development projects
650 #0 - SUBJECT ADDED ENTRY--TOPICAL TERM
Topical Term Sustainable fisheries
650 #0 - SUBJECT ADDED ENTRY--TOPICAL TERM
Topical Term Women fish trade workers
700 1# - ADDED ENTRY--PERSONAL NAME
Personal name Sopana, Chap
700 1# - ADDED ENTRY--PERSONAL NAME
Personal name Khim, Kaing
710 1# - ADDED ENTRY--CORPORATE NAME
Corporate name or jurisdiction name as entry element Cambodia.
710 1# - ADDED ENTRY--CORPORATE NAME
Corporate name or jurisdiction name as entry element Cambodia.
942 ## - ADDED ENTRY ELEMENTS (KOHA)
Koha item type សៀវភៅភាសាអង់គ្លេស
952 ## - LOCATION AND ITEM INFORMATION (KOHA)
Withdrawn status [LOCAL, KOHA] 0
952 ## - LOCATION AND ITEM INFORMATION (KOHA)
Withdrawn status [LOCAL, KOHA] 0
952 ## - LOCATION AND ITEM INFORMATION (KOHA)
Withdrawn status [LOCAL, KOHA] 0
Holdings
Permanent Location Date acquired Koha item type Lost status Shelving location Barcode Current Location Full call number
Library Block A2017-08-26សៀវភៅភាសាអង់គ្លេស A014A17724Library Block A305 FIS 2008 A014 Or.
Library Block A2017-08-26សៀវភៅភាសាអង់គ្លេស A014A20152Library Block A305 FIS 2008 A014 Or.
Library Block A2017-10-05សៀវភៅភាសាអង់គ្លេស A064A19294Library Block A305 FIS 2008 A064 Or.
មជ្ឈមណ្ឌលឯការនៃសាកលវិទ្យាល័យភូមិន្ទកសិកម្មចំការដូង

Powered by Koha